Central Library OPAC University of Rajshahi

The merchant of Venice / (Record no. 21817)

MARC details
000 -LEADER
fixed length control field 00902nam a2200265 a 4500
001 - CONTROL NUMBER
control field 21817
003 - CONTROL NUMBER IDENTIFIER
rucl marc code BD-RjUL
005 - DATE AND TIME OF LATEST TRANSACTION
control field 20211209000731.0
008 - FIXED-LENGTH DATA ELEMENTS--GENERAL INFORMATION
fixed length control field 880808s1923 ctu b 000 0 eng
035 ## - SYSTEM CONTROL NUMBER
System control number 23-05918
System control number (BD-RjUL)21882
040 ## - CATALOGING SOURCE
Original cataloging agency DLC
Transcribing agency NJB
Modifying agency SER
-- BD-RjUL
Language of cataloging eng
041 ## - LANGUAGE CODE
Language code of text/sound track or separate title eng
082 ## - DEWEY DECIMAL CLASSIFICATION NUMBER
Classification number 822.33
Author mark and year SHM 1958
100 1# - MAIN ENTRY--PERSONAL NAME
Personal name Shakespeare, William,
Dates associated with a name 1564-1616.
9 (RLIN) 67361
245 14 - TITLE STATEMENT
Title The merchant of Venice /
Statement of responsibility, etc. edited by A.W. VERITY .
260 ## - PUBLICATION, DISTRIBUTION, ETC. (IMPRINT)
Place of publication, distribution, etc. Cambridge :
Name of publisher, distributor, etc. At the University Press,
Date of publication, distribution, etc. 1958.
300 ## - PHYSICAL DESCRIPTION
Pagination xlix ,216. :
Size 18 cm
490 1# - SERIES STATEMENT
Series statement The Yale Shakespeare
500 ## - GENERAL NOTE
General note With reproduction of "the title-page of the Elizabethan Club copy of the genuine 1600 quarto of 'The merchant of Venice.'"
504 ## - BIBLIOGRAPHY, ETC. NOTE
Bibliography, etc "Suggestions for collateral reading": p. [114]
700 1# - ADDED ENTRY--PERSONAL NAME
Personal name VERITY A.W.
Dates associated with a name 1865-1943.
Fuller form of name A.W. VERITY .
942 ## - ADDED ENTRY ELEMENTS (KOHA)
Source of classification or shelving scheme Dewey Decimal Classification
Koha item type Books
Holdings
Lost status Source of classification or shelving scheme Damaged status Not for loan Collection code Permanent Location Current Location Shelving location Date acquired Source of acquisition Cost, normal purchase price Total Checkouts Full call number Date last seen Copy number Koha item type
  Dewey Decimal Classification   Added to bundle Fiction Central Library, University of Rajshahi Central Library, University of Rajshahi Reading Room 16/04/1966 AHKUR PRAKASHAHI 0.00   822.33 SHM 1958 05/03/2014 C-1 Books